1688 1921 1901 1433 1979 1538 1696 1995 1656 1661 1142 1680 1136 1302 1425 1866 1559 1547 1598 1012 1919 1122 1514 1925 1073 1007 1271 1890 1145 1820 1752 1683 1471 1770 1210 1644 1332 1744 1884 1016 1253 1171 1712 1932 1252 1428 1436 1315 1341 1976 1866 1681 1385 1044 1093 1225 1085 1871 1457 1656 1552 1714 1194 1895 1113 1087 1489 1177 1193 1143 1283 1634 1765 1166 1306 1933 1906 1847 1675 1636 1611 1767 1491 1975 1166 1972 1486 1818 1110 1473 1806 1274 1051 1812 1863 1514 1169 1574 1225 BCNSPRNW ULIB Ver.6.0+V

เปลี่ยนเป็นภาษาไทย

Change to English
 แสดงรายละเอียดบรรณานุกรม
  กลับหน้าหลัก

Brief Record : Get Marc (ISO 2709) : E-mail record : QR code < ปิดหน้าต่าง
LEADER : 00000nam 2200000uu 4500
001    13399114376
003     ULIB
008    110719s||||||||th 000 0 tha d
020    9789748327587
099    นว.^bค949ส ล.4
100 1  โยชิคาวะ, เอจิ
245 10 สามก๊ก 4 ตอนศึกชิงฮ่องเต้/^cเอจิ โยชิคาวะ, เรื่อง ; จัน สัมฤทธิ์, แปล
250    พิมพ์ครั้งที่ 2
260    กรุงเทพฯ :^bอมรินทร์คอมมิกส์,^c2550
300    191 หน้า
650  4 สามก๊ก^xการ์ตูน
650  4 วรรณกรรมสำหรับเด็ก
650  4 วรรณกรรมจีน^xการ์ตูน
651  4 จีน^xประวัติศาสตร์^xการ์ตูน
700 0  จัน สัมฤทธิ์
945    ^p158^l0^i024704
995    ทศพร
999 ^a ใช้งานได้ทุกระบบ
รายการนี้ยังไม่มีแท็ก
คุณยังไม่ได้ล็อกอิน คุณสามารถมีกิจกรรมร่วมกับเว็บไซต์ได้ แต่ต้องล็อกอินก่อน ::
  ล็อกอิน

รายการสื่อสารสนเทศ

ลำดับที่ ประเภท เลขเรียก/บาร์โค้ด สถานที่ สถานะ
1. นวนิยาย
นวนิยาย
นว. ค949ส ล.4 ฉ.1 
  Barcode: 024704
ห้องสมุดวิทยาเขตสวรรค์ประชารักษ์
►นวนิยาย
บนชั้น
  ขอยืม

รายการใกล้เคียง
    ผู้แต่ง [โยชิคาวะ, เอจิ]

    หัวเรื่อง [วรรณกรรมสำหรับเด็ก]

BibComment


ยังไม่เคยถูกคอมเมนท์

คอมเมนท์ทรัพยากรรายการนี้
  คอมเมนท์: สามก๊ก 4 ตอนศึกช..


 Copyright 2026. Bcnsprnw @Library